| 000 | 00508nam a2200193Ia 4500 | ||
|---|---|---|---|
| 005 | 20250508151645.0 | ||
| 008 | 008 250505s9999 xx 000 0 eng d | ||
| 037 | _aTextual | ||
| 040 |
_aFEDL _beng _cFEDL |
||
| 041 |
_aeng _2eng |
||
| 084 |
_a342.543, MAH _qFEDL |
||
| 100 | _aMahajan Vidya Dhar | ||
| 245 | 0 | _aConstitution of India | |
| 260 |
_aDelhi, India _bEastern Book Company |
||
| 300 | _a320p. | ||
| 650 | _aLaw | ||
| 942 |
_cTEXL _h342.543, MAH |
||
| 999 |
_c1331200 _d1331200 |
||